[Event "Moscow Open-F 2019"]
[Site "Moscow"]
[Date "2019.01.29"]
[Round "5"]
[White "Mokshanov, Alexey"]
[Black "Mamatov, Melis"]
[Result "1-0"]
[WhiteElo "2442"]
[BlackElo "2203"]
[Annotator "TA"]
[PlyCount "79"]
[EventDate "2019.01.26"]
[EventType "swiss"]
[EventCountry "RUS"]
[SourceTitle "playchess.com"]
[Source "ChessBase"]
[SourceQuality "1"]

{[%evp 14,79,35,0,34,39,60,58,63,65,57,69,63,59,69,70,80,71,78,74,83,73,72,72,72,73,76,62,69,67,101,80,80,73,79,76,95,57,83,56,72,56,60,60,61,41,78,60,60,60,64,20,20,20,48,20,20,20,20,35,84,84,122,121,153,157,1040,1014]} 1. e4 c5 2. Nf3 d6 3. Bb5+ Nc6 4. Bxc6+ bxc6 5. O-O Bg4 6. d3 Nf6 7. Nbd2 {B51: Sicilian: Moscow Variation (3 Bb5+) without 3...Bd7} e6 8. c3 {LiveBook: 5 Games} Be7 (8... Nd7 9. h3 Bh5 10. Re1 Be7 11. Nf1 O-O 12. Ng3 Bg6 13. b3 a5 14. d4 {1-0 (42) Mokshanov,A (2439)-Gabrielian,A (2503) Kazan 2018}) 9. Qa4 {White is slightly better.} Qc7 10. e5 dxe5 {[#]} 11. Nxe5 $1 {[%mdl 576] Double Attack} Bf5 (11... Qxe5 12. Qxc6+) 12. Nxc6 O-O 13. Nxe7+ Qxe7 14. Ne4 Rfd8 $146 ({Predecessor:} 14... Ng4) 15. Qc4 Rac8 16. Bg5 Bxe4 17. dxe4 {Hoping for e5.} h6 18. Bxf6 Qxf6 19. Rad1 Qe5 20. f3 Qc7 21. g3 Rd6 22. Kg2 Rcd8 23. Rxd6 Qxd6 $16 {[%mdl 4096] Endgame KQR-KQR} 24. Rf2 h5 25. Qe2 g6 26. Qe3 Rd7 27. b3 Kh7 28. Qg5 Kg7 29. h3 Qd1 30. Qxc5 Qe1 {aiming for ...Rd1.} 31. Qb5 Rd8 $1 32. Qe2 (32. Qc4 {looks sharper.} Qe3 33. Re2 Rd2 34. Rxd2 Qxd2+ 35. Kf1) 32... Qxc3 33. Qb2 Qf6 34. Qxf6+ (34. h4 {feels hotter.} Rd1 35. b4 Rd3 36. a4 e5 37. b5) 34... Kxf6 $14 {KR-KR} 35. Rc2 Rd1 36. h4 Ke5 37. Kf2 Kd6 38. Ke3 Rg1 {[#]} 39. Rc4 $1 Rxg3 $2 (39... f6 $16 40. Kf2 Rd1) 40. Kf2 {Accuracy: White = 62%, Black = 49%.} 1-0

[Event "Moscow Open-F 2019"]
[Site "Moscow"]
[Date "2019.01.28"]
[Round "5"]
[White "Chernyavsky, Alexander"]
[Black "Nyudleev, Dolgan"]
[Result "*"]
[WhiteElo "2357"]
[BlackElo "2333"]
[Annotator "TA"]
[PlyCount "18"]
[EventDate "2019.01.26"]
[EventType "swiss"]
[EventCountry "RUS"]
[SourceTitle "playchess.com"]
[Source "ChessBase"]
[SourceQuality "1"]

{[%evp 9,18,-29,-28,-27,-11,-25,-25,-22,2,-14,-10]} 1. d4 d5 2. c4 dxc4 3. Qa4+ Nd7 4. Nf3 Ngf6 5. Bg5 (5. Nc3 a6 6. e4 e6 7. Bxc4 Rb8 8. Qc2 b5 9. Bd3 Bb7 10. Bg5 h6 11. Bh4 Be7 12. Rd1 O-O 13. O-O Rc8 14. Rfe1 Re8 15. a3 c5 16. dxc5 Rxc5 {1-0 (67) Fedoseev,V (2719)-Predke,A (2622) St Petersburg 2018}) 5... c6 6. Qxc4 {D23: Queen's Gambit Accepted: 3 Nf3 Nf6 sidelines} e5 $146 ({Predecessor:} 6... Nb6 7. Qc2 g6 8. Bxf6 exf6 9. e3 Bb4+ 10. Nbd2 O-O 11. Be2 Bg4 12. O-O Rc8 13. Nb3 Qe7 {0-1 (66) Gunyecz,Z (1921)-Conde Chijeb,M (1703) Prague 2015}) 7. Nc3 exd4 8. Qxd4 Bc5 9. Qd2 h6 *

[Event "Moscow Open-F 2019"]
[Site "Moscow"]
[Date "2019.01.29"]
[Round "5"]
[White "Aleksandrovskiy, Dmitriy"]
[Black "Ivlev, Aleksey"]
[Result "*"]
[WhiteElo "2299"]
[BlackElo "2326"]
[Annotator "RC"]
[PlyCount "36"]
[EventDate "2019.01.26"]
[EventType "swiss"]
[EventCountry "RUS"]
[SourceTitle "playchess.com"]
[Source "ChessBase"]
[SourceQuality "1"]
[TimeControl "40/5400+30:1800+30"]

1. e4 {[%emt 0:00:00]} c6 {[%emt 0:02:54]} 2. d4 {[%emt 0:00:00]} d5 {[%emt 0:00:59]} 3. Nd2 {[%emt 0:00:00]} g6 {[%emt 0:00:05]} 4. Ngf3 {[%emt 0:01:17]} Bg7 {[%emt 0:00:06]} 5. c3 {[%emt 0:00:29]} Nh6 {[%emt 0:00:33]} 6. Bd3 {[%emt 0:01:59]} O-O {[%emt 0:00:20]} 7. O-O {[%emt 0:00:27]} f6 {[%emt 0:00:16]} 8. Re1 {[%emt 0:01:28]} Nf7 {[%emt 0:00:06]} 9. b4 {[%emt 0:07:03]} e5 {[%emt 0:02:12]} 10. b5 {[%emt 0:07:52]} Re8 {[%emt 0:20:02]} 11. bxc6 {[%emt 0:03:36]} bxc6 {[%emt 0:00:35]} 12. dxe5 {[%emt 0:00:20]} fxe5 {[%emt 0:01:03]} 13. Ba3 {[%emt 0:02:33]} Nd7 {[%emt 0:01:36]} 14. Qa4 {[%emt 0:05:05]} Qc7 {[%emt 0:07:00]} 15. Rab1 {[%emt 0:05:08]} Nf6 {[%emt 0:08:07]} 16. Bb4 {[%emt 0:05:04]} a5 {[%emt 0:07:04]} 17. Bc5 {[%emt 0:00:17]} Nd7 {[%emt 0:00:42]} 18. Ba3 {[%emt 0:00:24]} Bf8 {[%emt 0:00:39]} *

[Event "Moscow Open-F 2019"]
[Site "Moscow"]
[Date "2019.01.29"]
[Round "5"]
[White "Rudometov, Maxim"]
[Black "Yanko, Ivan"]
[Result "*"]
[WhiteElo "2265"]
[BlackElo "1906"]
[Annotator "RC"]
[PlyCount "26"]
[EventDate "2019.01.26"]
[EventType "swiss"]
[EventCountry "RUS"]
[SourceTitle "playchess.com"]
[Source "ChessBase"]
[SourceQuality "1"]
[TimeControl "40/5400+30:1800+30"]

1. d4 Nf6 2. Nf3 g6 3. Nbd2 Bg7 4. e4 d6 5. Bb5+ c6 6. Bd3 c5 7. c3 O-O 8. O-O Bd7 9. Qe2 Ne8 10. Nb3 cxd4 11. cxd4 Nc6 12. d5 Nb4 13. Bb1 Rc8 *

[Event "Moscow Open-F 2019"]
[Site "Moscow"]
[Date "2019.01.28"]
[Round "5"]
[White "Thing, Bibek"]
[Black "Razumovskiy, Mikhail"]
[Result "*"]
[WhiteElo "2264"]
[BlackElo "1974"]
[Annotator "TA"]
[PlyCount "56"]
[EventDate "2019.01.26"]
[EventType "swiss"]
[EventCountry "RUS"]
[SourceTitle "playchess.com"]
[Source "ChessBase"]
[SourceQuality "1"]

{[%evp 17,56,-27,130,112,144,0,0,-8,-9,-84,109,116,102,118,106,120,125,108,201,168,142,152,139,136,167,150,195,194,196,172,153,164,258,248,277,291,271,278,280,281,348]} 1. e4 c5 2. c3 d5 3. exd5 Qxd5 4. d4 Nc6 5. Nf3 Bf5 (5... Nf6 6. Be2 cxd4 7. cxd4 e6 8. O-O Be7 9. Nc3 Qd6 10. Nb5 Qd8 11. Bf4 Nd5 12. Bg3 O-O 13. Bc4 a6 14. Nc3 Nxc3 15. bxc3 b5 16. Bd3 Bb7 17. a4 b4 18. Rb1 Bf6 19. Be4 a5 20. cxb4 axb4 21. Bxc6 {½-½ (21) Zvjaginsev,V (2660)-Moiseenko,A (2692) Berlin 2015}) 6. Na3 {B22: Sicilian: 2 c3} Nf6 7. Be3 cxd4 8. Nb5 O-O-O 9. Nfxd4 Nxd4 $2 {LiveBook: 3 Games} (9... Ng4 $1 $11) 10. cxd4 $16 ({But not} 10. Nxd4 $6 Ng4 $11) 10... e5 {[#] And now ...Bb4+ would win.} 11. Rc1+ $2 (11. Qa4 $16 a6 12. Qa5 (12. Rc1+ Kb8 $15)) 11... Kb8 $1 $11 12. Qa4 {[%csl Gb5][%cal Ra4a7]} a6 13. dxe5 (13. Qa5 $11 {remains equal.} Ng4 14. Qc7+ Ka8 15. a3) 13... Qe4 $146 (13... Qxe5 $17 {...Ng4 is the strong threat.} 14. Qf4 Re8) ({Predecessor:} 13... Qxe5 14. Be2 {0-1 (23) Tokranovs,D (2191)-Khanin,S (2359) Porec 2015}) 14. Qxe4 $40 {[%mdl 128] White attacks with force.} Nxe4 {[#]} 15. Nd4 $1 {[%cal Rd4f5]} Bb4+ 16. Ke2 Bg6 17. f3 {[%cal Bf2f3,Bf3f4,Bf4f5][%mdl 32]} Bd2 (17... Nd2 $16) 18. Rd1 ({Not} 18. Bxd2 Nxd2 19. Kxd2 Rxd4+ 20. Ke3 Rhd8 $14) 18... Bxe3 19. Kxe3 Nc5 20. Bc4 Na4 21. Bb3 Nb6 22. f4 Nd5+ 23. Bxd5 Rxd5 24. g4 h6 (24... h5 $142) 25. Nf3 Rhd8 26. Rxd5 {White has a decisive advantage.} Rxd5 27. f5 Bh7 28. Rc1 g6 {Accuracy: White = 77%, Black = 31%.} *

[Event "Moscow Open-F 2019"]
[Site "Moscow"]
[Date "2019.01.29"]
[Round "5"]
[White "Teiitbaev, Aktilek"]
[Black "Dulguun Altankhuyag"]
[Result "*"]
[WhiteElo "2229"]
[BlackElo "1681"]
[Annotator "NA RC"]
[PlyCount "118"]
[EventDate "2019.01.26"]
[EventType "swiss"]
[EventCountry "RUS"]
[SourceTitle "playchess.com"]
[Source "ChessBase"]
[SourceQuality "1"]
[TimeControl "40/5400+30:1800+30"]

1. e4 {[%emt 0:00:00]} e5 {[%emt 0:05:59]} 2. Nf3 {[%emt 0:00:00]} Nc6 {[%emt 0:00:05]} 3. Bb5 {[%emt 0:00:00]} Nf6 {[%emt 0:00:30]} 4. d3 {[%emt 0:00:06]} d6 {[%emt 0:00:08]} 5. Nc3 {[%emt 0:00:31]} Bg4 {[%emt 0:00:05]} 6. h3 {[%emt 0:01:22] C65: Ruy Lopez: Berlin Defence (3...Nf6), unusual lines and 4 0-0 Bc5} Bh5 {[%emt 0:00:48]} 7. Bg5 {[%emt 0:00:45]} Be7 {[%emt 0:00:06]} 8. g4 {[%emt 0:01:01]} Bg6 {[%emt 0:00:08]} 9. Qd2 {[%emt 0:00:37]} a6 {[%emt 0:00:31]} (9... O-O 10. h4 h5 11. Bxf6 Bxf6 12. g5 Be7 13. O-O-O a6 14. Bxc6 bxc6 {½-½ (34) Macho,M (1710)-Jirasek,J (1903) Klatovy 2018}) 10. Ba4 {[%emt 0:00:45]} b5 $146 {[%emt 0:04:07]} ({Predecessor:} 10... h6 11. Bxf6 Bxf6 12. Nd5 b5 13. Bb3 a5 14. a3 {1-0 (37) Meszaros,N (1552)-Niznansky,L (1684) Slovakia 2014}) 11. Bb3 {[%emt 0:02:24]} Na5 {[%emt 0:01:04]} 12. h4 {[%emt 0:15:14]} h5 {[%emt 0:00:38]} 13. Bxf6 {[%emt 0:00:28]} Nxb3 {[%emt 0:00:24]} 14. axb3 {[%emt 0:00:25]} Bxf6 {[%emt 0:00:40]} 15. g5 {[%emt 0:01:29]} Be7 {[%emt 0:00:01]} 16. Nd5 {[%emt 0:06:04]} c6 {[%emt 0:01:46]} 17. Nxe7 {[%emt 0:04:43]} Qxe7 {[%emt 0:00:38]} 18. Qe3 {[%emt 0:00:59]} c5 {[%emt 0:01:47]} 19. Nd2 {[%emt 0:00:33]} O-O {[%emt 0:00:27]} 20. Nf1 {[%emt 0:09:00]} c4 {[%emt 0:00:57]} 21. bxc4 {[%emt 0:03:13]} bxc4 {[%emt 0:00:04]} 22. dxc4 {[%emt 0:01:09]} Qb7 {[%emt 0:00:02]} 23. Nd2 {[%emt 0:06:03]} Qxb2 {[%emt 0:00:28]} 24. O-O {[%emt 0:00:14]} Qb7 {[%emt 0:04:05]} 25. Rfb1 {[%emt 0:04:18]} Qd7 {[%emt 0:00:05]} 26. Ra5 {[%emt 0:03:49]} Rfc8 {[%emt 0:01:17]} 27. f3 {[%emt 0:03:13]} Rc7 {[%emt 0:04:36]} 28. Kg2 {[%emt 0:00:57]} Rb7 29. Rb6 Rxb6 {[%emt 0:14:28]} 30. Qxb6 {[%emt 0:01:29]} Qe7 {[%emt 0:00:09]} 31. Nf1 {[%emt 0:09:56]} f6 {[%emt 0:02:26]} 32. Ne3 {[%emt 0:00:25]} fxg5 {[%emt 0:02:03]} 33. Nd5 {[%emt 0:00:16]} Qf7 {[%emt 0:00:22]} 34. Qxd6 {[%emt 0:04:33]} gxh4 {[%emt 0:02:39]} 35. Qxe5 {[%emt 0:00:59]} h3+ {[%emt 0:02:33]} 36. Kf2 {[%emt 0:00:44]} Re8 {[%emt 0:00:08]} 37. Qf4 {[%emt 0:00:37]} Qe6 {[%emt 0:02:06]} 38. Kg3 {[%emt 0:03:55]} Rf8 {[%emt 0:01:13]} 39. Qg5 h2 {[%emt 0:03:54]} 40. Kxh2 {[%emt 0:07:49]} Rxf3 {[%emt 0:00:11]} 41. Ne7+ {[%emt 0:31:23]} Kh7 {[%emt 0:31:40]} 42. Qxg6+ {[%emt 0:04:56]} Qxg6 {[%emt 0:00:01]} 43. Nxg6 Kxg6 {[%emt 0:00:01]} 44. Kg2 {[%emt 0:01:46]} (44. Rxa6+ $15 Kg5 45. Ra5+ Kg4 46. e5) 44... Rc3 {[%emt 0:00:01]} 45. c5 {[%emt 0:00:09]} Kg5 {[%emt 0:00:43]} ({Less strong is} 45... Rxc2+ 46. Kf3 $15) 46. c6+ {[%emt 0:00:40]} Kg4 {[%emt 0:00:03]} 47. Rxa6 {[%emt 0:00:05]} Rxc2+ {[%emt 0:00:18]} 48. Kg1 {[%emt 0:00:26]} Kg3 {[%emt 0:00:26]} 49. Kf1 {[%emt 0:00:21]} Kf3 {[%emt 0:00:19]} 50. Kg1 {[%emt 0:00:01]} Kxe4 {[%emt 0:00:24]} 51. Ra7 {[%emt 0:00:09]} g5 {[%emt 0:00:53]} 52. c7 {[%emt 0:00:07]} Kf3 {[%emt 0:00:28]} 53. Ra3+ {[%emt 0:00:25]} Kg4 {[%emt 0:00:04]} 54. Ra7 {[%emt 0:00:11]} Kg3 {[%emt 0:00:15]} 55. Ra3+ {[%emt 0:00:04]} Kh4 {[%emt 0:00:11]} 56. Ra7 {[%emt 0:01:08]} g4 {[%emt 0:00:45]} 57. Kf1 {[%emt 0:00:26]} Kh3 {[%emt 0:00:17]} 58. Ke1 {[%emt 0:00:15]} g3 {[%emt 0:00:17]} 59. Kd1 {[%emt 0:01:03]} Rc5 {[%emt 0:00:14]} *

[Event "Moscow Open-F 2019"]
[Site "Moscow"]
[Date "2019.01.29"]
[Round "5"]
[White "Badalyan, Shavarsh"]
[Black "Gorenshtein, Kirill"]
[Result "*"]
[WhiteElo "2198"]
[BlackElo "1797"]
[Annotator "NA RC"]
[PlyCount "36"]
[EventDate "2019.01.26"]
[EventType "swiss"]
[EventCountry "RUS"]
[SourceTitle "playchess.com"]
[Source "ChessBase"]
[SourceQuality "1"]
[TimeControl "40/5400+30:1800+30"]

1. d4 {[%emt 0:00:00]} e6 {[%emt 0:00:47]} 2. Nf3 {[%emt 0:00:17]} Nf6 {[%emt 0:00:30]} 3. g3 {[%emt 0:00:14]} b6 {[%emt 0:01:33]} 4. Bg2 {[%emt 0:00:07]} Bb7 {[%emt 0:00:54]} 5. O-O {[%emt 0:00:13]} c5 {[%emt 0:01:26]} 6. c4 {[%emt 0:01:00]} Be7 {[%emt 0:02:08]} 7. d5 {[%emt 0:00:13]} exd5 {[%emt 0:02:31]} 8. Nh4 {[%emt 0:00:11]} O-O {[%emt 0:07:03]} 9. cxd5 {[%emt 0:00:21]} d6 {[%emt 0:02:15]} 10. Nc3 {[%emt 0:02:05]} Qd7 {[%emt 0:05:54]} 11. a4 {[%emt 0:04:15]} Na6 {[%emt 0:03:07]} 12. e4 {[%emt 0:02:20]} Nb4 {[%emt 0:09:45]} 13. Qe2 {[%emt 0:07:09]} Ba6 {[%emt 0:06:13]} 14. Nb5 {[%emt 0:00:10]} Ne8 {[%emt 0:02:33]} 15. Nf5 {[%emt 0:01:09]} Bf6 {[%emt 0:02:20]} 16. Bh3 {[%emt 0:06:23]} Kh8 {[%emt 0:04:18]} 17. Kg2 {[%emt 0:00:06]} Bc8 {[%emt 0:06:15]} 18. Bg4 {[%emt 0:06:55]} h5 {[%emt 0:06:04]} *

[Event "Moscow Open-F 2019"]
[Site "Moscow"]
[Date "2019.01.29"]
[Round "5"]
[White "Oguzov, Shamil"]
[Black "Bazarov, Vladimir"]
[Result "*"]
[WhiteElo "2196"]
[BlackElo "1800"]
[Annotator "NA RC"]
[PlyCount "32"]
[EventDate "2019.01.26"]
[EventType "swiss"]
[EventCountry "RUS"]
[SourceTitle "playchess.com"]
[Source "ChessBase"]
[SourceQuality "1"]
[TimeControl "40/5400+30:1800+30"]

1. e4 {[%emt 0:00:00]} d6 {[%emt 0:03:44]} 2. d4 {[%emt 0:00:00]} Nf6 {[%emt 0:00:04]} 3. Nc3 {[%emt 0:00:00]} g6 {[%emt 0:00:03]} 4. g3 {[%emt 0:00:00]} Bg7 {[%emt 0:00:07]} 5. Bg2 {[%emt 0:00:03]} O-O {[%emt 0:01:34]} 6. Nge2 {[%emt 0:01:16]} Nbd7 {[%emt 0:05:57]} 7. h3 {[%emt 0:00:18]} c6 {[%emt 0:00:17]} 8. O-O {[%emt 0:01:06]} e5 {[%emt 0:02:00]} 9. Be3 {[%emt 0:00:06]} Nb6 {[%emt 0:07:47]} 10. b3 {[%emt 0:01:25]} exd4 {[%emt 0:07:33]} 11. Bxd4 {[%emt 0:00:54]} Be6 {[%emt 0:01:19]} 12. Qd2 {[%emt 0:01:59]} d5 {[%emt 0:04:47]} 13. e5 {[%emt 0:20:12]} Nfd7 {[%emt 0:02:04]} 14. f4 {[%emt 0:02:53]} f6 {[%emt 0:06:43]} 15. exf6 {[%emt 0:01:40]} Bxf6 {[%emt 0:01:30]} 16. Rae1 {[%emt 0:01:36]} Qc7 {[%emt 0:02:55]} *

[Event "Moscow Open-F 2019"]
[Site "Moscow"]
[Date "2019.01.29"]
[Round "5"]
[White "Ufimtsev, Egor"]
[Black "Fotin, Vladimir"]
[Result "*"]
[WhiteElo "2160"]
[BlackElo "2341"]
[Annotator "RC"]
[PlyCount "76"]
[EventDate "2019.01.26"]
[EventType "swiss"]
[EventCountry "RUS"]
[SourceTitle "playchess.com"]
[Source "ChessBase"]
[SourceQuality "1"]
[TimeControl "40/5400+30:1800+30"]

1. Nf3 {[%emt 0:00:00]} Nf6 {[%emt 0:02:08]} 2. c4 {[%emt 0:00:00]} e6 {[%emt 0:00:45]} 3. g3 {[%emt 0:01:05]} b6 {[%emt 0:00:12]} 4. Bg2 {[%emt 0:00:07]} Bb7 {[%emt 0:00:06]} 5. O-O {[%emt 0:00:40]} c5 {[%emt 0:00:16]} 6. Nc3 {[%emt 0:00:11]} Be7 {[%emt 0:00:24]} 7. d4 {[%emt 0:01:49]} cxd4 {[%emt 0:00:07]} 8. Qxd4 {[%emt 0:02:44]} d6 {[%emt 0:01:42]} 9. Rd1 {[%emt 0:00:13]} a6 {[%emt 0:00:21]} 10. Bg5 {[%emt 0:03:27]} Nbd7 {[%emt 0:00:21]} 11. Bxf6 {[%emt 0:19:02]} Nxf6 {[%emt 0:00:23]} 12. e4 {[%emt 0:03:24]} Qc7 {[%emt 0:01:35]} 13. e5 {[%emt 0:01:38]} dxe5 {[%emt 0:00:47]} 14. Qxe5 {[%emt 0:00:19]} Rc8 {[%emt 0:04:30]} 15. Qxc7 {[%emt 0:08:37]} Rxc7 {[%emt 0:00:08]} 16. Ne5 {[%emt 0:00:01]} Bxg2 {[%emt 0:12:07]} 17. Kxg2 {[%emt 0:00:04]} O-O {[%emt 0:11:46]} 18. Rd3 {[%emt 0:15:47]} Rb8 {[%emt 0:01:00]} 19. Rad1 {[%emt 0:01:17]} b5 20. cxb5 {[%emt 0:09:57]} axb5 {[%emt 0:03:21]} 21. Nd7 {[%emt 0:00:02]} Rbb7 {[%emt 0:02:31]} 22. Nxf6+ {[%emt 0:00:17]} gxf6 {[%emt 0:00:07]} 23. a3 {[%emt 0:04:43]} f5 {[%emt 0:01:08]} 24. Ne2 {[%emt 0:03:28]} b4 {[%emt 0:19:46]} 25. axb4 {[%emt 0:00:04]} Rxb4 {[%emt 0:00:39]} 26. b3 {[%emt 0:00:38]} Rc2 {[%emt 0:01:33]} 27. Nd4 {[%emt 0:00:10]} Rc7 {[%emt 0:00:43]} 28. Nf3 {[%emt 0:11:24]} Bf6 {[%emt 0:01:40]} 29. Nd2 {[%emt 0:01:30]} Kg7 {[%emt 0:00:32]} 30. Nc4 {[%emt 0:00:15]} Rcb7 {[%emt 0:01:22]} 31. Nd2 {[%emt 0:00:55]} Rc7 {[%emt 0:03:57]} 32. Nc4 {[%emt 0:00:03]} Kg6 {[%emt 0:00:26]} 33. f4 {[%emt 0:04:50]} Ra7 {[%emt 0:01:15]} 34. Kf3 {[%emt 0:02:02]} Ra2 {[%emt 0:00:30]} 35. R1d2 {[%emt 0:01:10]} Ra1 {[%emt 0:00:21]} 36. Re2 {[%emt 0:00:28]} Rf1+ {[%emt 0:01:58]} 37. Kg2 {[%emt 0:00:10]} Rb1 {[%emt 0:00:10]} 38. Ree3 {[%emt 0:00:47]} Rb7 {[%emt 0:02:34]} *

[Event "Moscow Open-F 2019"]
[Site "Moscow"]
[Date "2019.01.29"]
[Round "5"]
[White "Antonov, Andrey P."]
[Black "Matyunin, Maxim"]
[Result "*"]
[WhiteElo "2150"]
[BlackElo "2218"]
[Annotator "NA RC"]
[PlyCount "36"]
[EventDate "2019.01.26"]
[EventType "swiss"]
[EventCountry "RUS"]
[SourceTitle "playchess.com"]
[Source "ChessBase"]
[SourceQuality "1"]
[TimeControl "40/5400+30:1800+30"]

1. e4 {[%emt 0:00:00]} e6 {[%emt 0:00:00]} 2. d4 {[%emt 0:00:00]} d5 {[%emt 0:00:00]} 3. exd5 {[%emt 0:00:00]} exd5 {[%emt 0:00:00]} 4. Nf3 {[%emt 0:00:05]} Bd6 {[%emt 0:00:00]} 5. c4 {[%emt 0:00:20]} c6 {[%emt 0:00:02]} 6. Nc3 {[%emt 0:00:07]} Ne7 {[%emt 0:00:06]} 7. Bd3 {[%emt 0:00:18]} O-O {[%emt 0:00:53]} 8. O-O {[%emt 0:00:05]} Bf5 {[%emt 0:03:15]} 9. Bxf5 {[%emt 0:03:52]} Nxf5 {[%emt 0:00:09]} 10. cxd5 {[%emt 0:00:02]} cxd5 {[%emt 0:00:16]} 11. Qb3 {[%emt 0:00:03]} Nc6 {[%emt 0:25:35]} 12. Qxd5 {[%emt 0:00:25]} Nfxd4 {[%emt 0:00:37]} 13. Nxd4 {[%emt 0:00:08]} Nxd4 {[%emt 0:00:03]} 14. Rd1 {[%emt 0:00:14]} Nc2 {[%emt 0:00:28]} 15. Rb1 {[%emt 0:30:08]} Bc7 {[%emt 0:04:58]} 16. Qxb7 {[%emt 0:07:58]} Qe7 {[%emt 0:04:15]} 17. Qf3 {[%emt 0:03:26]} Nd4 {[%emt 0:06:11]} 18. Qg4 {[%emt 0:02:54]} Rad8 {[%emt 0:02:52]} *

[Event "Moscow Open-F 2019"]
[Site "Moscow"]
[Date "2019.01.28"]
[Round "5"]
[White "Seliverstov, Vladislav"]
[Black "Tekeyev, Zaur"]
[Result "*"]
[WhiteElo "2103"]
[BlackElo "2392"]
[Annotator "TA"]
[PlyCount "61"]
[EventDate "2019.01.26"]
[EventType "swiss"]
[EventCountry "RUS"]
[SourceTitle "playchess.com"]
[Source "ChessBase"]
[SourceQuality "1"]

{[%evp 12,61,44,14,52,51,48,44,77,25,43,44,41,36,50,56,49,35,75,0,0,-21,-23,-48,0,0,0,0,0,0,0,-2,0,-75,-72,-82,-81,-75,-24,-111,-119,-153,-154,-156,-133,-182,-168,-204,-174,-213,-168,-286]} 1. d4 Nf6 2. Nf3 g6 3. c4 Bg7 4. Nc3 O-O 5. Bg5 c5 6. d5 d6 7. e3 b5 {E61: King's Indian: Early deviations for White, including Smyslov System} 8. cxb5 a6 9. Nd2 Nbd7 {White is slightly better.} 10. bxa6 (10. e4 $16) 10... Nb6 $146 ({Predecessor:} 10... Ne5 11. Nc4 Nxc4 12. Bxc4 Bxa6 13. Bxa6 Rxa6 14. O-O h6 15. Bh4 Qa8 16. e4 Rb8 17. Rb1 Rab6 18. Qc2 Ne8 19. Bg3 Rb4 20. Rfe1 Qb7 {½-½ (20) Moradiabadi,E (2597)-Gascon del Nogal,J (2428) Port of Spain 2016}) 11. e4 h6 12. Bh4 Bxa6 13. Bxa6 Rxa6 14. O-O Qa8 15. f4 ({Better is} 15. a4 $16) 15... Na4 $11 16. Nxa4 Rxa4 {[%mdl 64] [#] Double Attack} 17. Qe2 Qa6 18. Qxa6 Rxa6 19. a3 Rb8 20. Rab1 Ra4 21. b4 cxb4 22. Rxb4 (22. Rf3 $11) 22... Raxb4 $17 23. axb4 Rxb4 24. Re1 Kf8 (24... Ng4 $17 {White must now prevent ...Bc3.} 25. Nf3 Bc3) 25. Ra1 (25. Bxf6 $11 Bxf6 26. Nf3) 25... Ne8 26. Rc1 f5 {[%cal Bf7f5,Bf5e4][%mdl 32] Black is clearly better.} 27. Kf2 fxe4 28. Nc4 Bd4+ 29. Ke2 Kf7 30. Rc2 Bc5 31. Na5 {Accuracy: White = 29%, Black = 61%.} (31. Bf2 $142) *

[Event "Moscow Open-F 2019"]
[Site "Moscow"]
[Date "2019.01.28"]
[Round "5"]
[White "Pischasov, Alexander"]
[Black "Grachev, Andrey"]
[Result "*"]
[WhiteElo "2022"]
[BlackElo "2181"]
[Annotator "NA RC"]
[PlyCount "60"]
[EventDate "2019.01.26"]
[EventType "swiss"]
[EventCountry "RUS"]
[SourceTitle "playchess.com"]
[Source "ChessBase"]
[SourceQuality "1"]
[TimeControl "40/5400+30:1800+30"]

1. d4 {[%emt 0:00:00]} d6 {[%emt 0:09:45]} 2. Nf3 {[%emt 0:01:30]} g6 {[%emt 0:00:10]} 3. e4 {[%emt 0:01:02]} Nf6 {[%emt 0:01:19]} 4. Nbd2 {[%emt 0:00:55]} a6 {[%emt 0:00:30]} 5. a4 {[%emt 0:00:40]} Bg7 {[%emt 0:00:15]} 6. Be2 {[%emt 0:01:57]} c5 {[%emt 0:02:05]} 7. dxc5 {[%emt 0:00:21]} dxc5 {[%emt 0:00:02]} 8. O-O {[%emt 0:00:10]} O-O {[%emt 0:07:01]} 9. c3 {[%emt 0:00:11]} Qc7 {[%emt 0:02:05]} 10. Qc2 {[%emt 0:00:17]} b6 {[%emt 0:02:49]} 11. Re1 {[%emt 0:04:39]} Bb7 {[%emt 0:06:55]} 12. Bf1 {[%emt 0:00:24]} Nc6 {[%emt 0:04:58]} 13. Nc4 {[%emt 0:01:31]} Ng4 {[%emt 0:08:15]} 14. Qb3 {[%emt 0:15:11]} Bd4 {[%emt 0:18:48]} 15. Qxb6 {[%emt 0:19:53]} Bxf2+ {[%emt 0:21:04]} 16. Kh1 {[%emt 0:00:07]} Qxb6 {[%emt 0:03:52]} 17. Nxb6 {[%emt 0:00:02]} Rad8 {[%emt 0:00:08]} 18. Bf4 {[%emt 0:15:02]} Bxe1 {[%emt 0:02:40]} 19. Rxe1 {[%emt 0:00:09]} Nf2+ {[%emt 0:00:31]} 20. Kg1 {[%emt 0:00:06]} Nd3 {[%emt 0:00:03]} 21. Bxd3 {[%emt 0:00:13]} Rxd3 {[%emt 0:00:02]} 22. Kf2 {[%emt 0:04:05]} f5 {[%emt 0:07:51]} 23. e5 {[%emt 0:06:20]} Na5 {[%emt 0:12:22]} 24. e6 {[%emt 0:01:57]} Bxf3 {[%emt 0:03:48]} 25. gxf3 {[%emt 0:00:08]} Rfd8 {[%emt 0:00:03]} 26. h4 {[%emt 0:09:04]} Rd1 {[%emt 0:01:28]} 27. Re2 {[%emt 0:00:07]} R8d3 {[%emt 0:03:29]} (27... Ra1 $19 28. Nd7 Rxa4) 28. Nd7 {[%emt 0:02:30]} c4 {[%emt 0:01:55]} 29. Nc5 {[%emt 0:01:06]} Rd5 {[%emt 0:00:57]} 30. Nxa6 {[%emt 0:00:20]} Ra1 $11 {[%emt 0:01:38]} (30... Nb3 $17 31. Nb4 Rc5) *